000 00625nam a22002057a 4500
008 131129b xxu||||| |||| 00| 0 ger d
020 _a3854282559
041 0 _ager
_abul
080 _a351.82
245 0 0 _aGmbH-Mustervertrag Bulgarien :
_cWaltschin Dukalov
260 _aWien :
_bService Fachverlag ;
_c1993.
300 _a200 f. :
_c21 cm.
490 _aSchriftenreihe des FOWI
500 _aVorwort : f. 5-6
650 0 _aAdministrata publike
_zBullgaria
650 0 _aKontrata
_zBullgaria
700 1 _aDuskalov, Waltschin
700 1 _aKalss, Susanne
942 _2udc
_cBK
999 _c382
_d382